000
00264nam a2200109Ia 4500
008
190914s9999||||xx |||||||||||||| ||und||
100
_a
Harrison, John
245
0
_a
Foundations in Strategic Management
260
_a
USA
_b
Addison
_c
2002
300
_a
452
942
_c
BK
999
_c
8460
_d
8460